Alborada : (Record no. 1400)
[ view plain ]
| 000 -CABECERA | |
|---|---|
| campo de control de longitud fija | 00697nam a2200205 a 4500 |
| 003 - IDENTIFICADOR DEL NÚMERO DE CONTROL | |
| campo de control | MX-MxUPN |
| 005 - FECHA Y HORA DE LA ÚLTIMA TRANSACCIÓN | |
| campo de control | 20221118063434.0 |
| 008 - ELEMENTOS DE LONGITUD FIJA--INFORMACIÓN GENERAL | |
| campo de control de longitud fija | 991125s1968 cr 000 0 spa u |
| 035 ## - NÚMERO DE CONTROL DEL SISTEMA | |
| Número de control de sistema | UPN01000001400 |
| 040 ## - FUENTE DE LA CATALOGACIÓN | |
| Centro catalogador/agencia de origen | MX-MxUPN |
| Lengua de catalogación | spa |
| Centro/agencia transcriptor | MX-MxUPN |
| 041 0# - CÓDIGO DE IDIOMA | |
| Código de lengua del texto/banda sonora o título independiente | spa |
| 050 #4 - SIGNATURA TOPOGRÁFICA DE LA BIBLIOTECA DEL CONGRESO | |
| Número de clasificación | LB1573 A425 |
| Número de documento/Ítem | A436 |
| 245 00 - MENCIÓN DE TÍTULO | |
| Título | Alborada : |
| Resto del título | libro de lectura : quinto año : guía para el maestro / |
| Mención de responsabilidad, etc. | Blanca S. de Solares ... [et al.]. |
| 260 ## - PUBLICACIÓN, DISTRIBUCIÓN, ETC. | |
| Lugar de publicación, distribución, etc. | Costa Rica : |
| Nombre del editor, distribuidor, etc. | ODECA, |
| Fecha de publicación, distribución, etc. | 1968. |
| 300 ## - DESCRIPCIÓN FÍSICA | |
| Extensión | 244 p. |
| 500 ## - NOTA GENERAL | |
| Nota general | "Aprobado por el Ministerio de Educación Oficio no. 433, 10 de julio de 1967" |
| 650 #4 - ASIENTO SECUNDARIO DE MATERIA - TERMINO TEMATICO | |
| Término de materia o nombre geográfico como elemento de entrada | Lectura |
| Subdivisión general | Estudio y enseñanza (Elemental) |
| 9 (RLIN) | 2805 |
| 700 1# - ASIENTO SECUNDARIO--NOMBRE DE PERSONAL | |
| Nombre de persona | Solares, Blanca S. de, |
| Término indicativo de función/relación | coaut. |
| 905 ## - TIPO DE MATERIAL | |
| Tipo de material | Libro |
| Estado de retiro | Estado de pérdida | Fuente del sistema de clasificación o colocación | Estado dañado | No para préstamo | Código de colección | Localización permanente | Ubicación/localización actual | Ubicación en estantería | Fecha de adquisición | Clasificación | Código de barras | Fecha visto por última vez | Tipo de ítem Koha |
|---|---|---|---|---|---|---|---|---|---|---|---|---|---|
| Library of Congress Classification | Coleccion LT | Libros de texto | Bib. Gregorio Torres Quintero | Bib. Gregorio Torres Quintero | Libros de Texto | 13/06/2022 | LB1573 A425 A436 | 43937 | 31/12/2020 | Libro |
